00902nam a2200229 a 450000100060000000300090000600800410001502000150005604000280007108200160009910000610011524500950017626000590027130000110033059000490034165000490039065000270043965000260046694200120049299900170050495201510052116291CO-ViMGA141112s2004 ck r 000 u spa d a9589097278 aCO-ViMGAbspacCO-ViMGA04a301.2 V341d1 aVega Cantor, Renán; Castaño Támara, Ricardo92329410a!Dejenos hablar! : bProfesores y estudiantes tejen historias orales en el espacio escolar aBogotá : bUniversidad pedagógica Nacional, c1999 a211.p. aForma de adquisición : Premio - Mincultura14aHISTORIA ORAL - ESTUDIO Y ENSEÑANZA92329514aHISTORIA SOCIAL95239514aTRADICION ORAL923296 2ddccBK c26188d26188 00102ddc40708003aMEVIECARbMEVIECARd2015-12-04hVolumen. 1 | 11/jun/2009l0o301.2 V341d p16291r2015-12-04 00:00:00tEj. 1w2015-12-04yBK